000 00558nam a2200193Ia 4500
005 20260114185707.0
008 008 260114s9999 xx 000 0 eng d
020 _a9781474210355
037 _aEBOOK
040 _aCRL
_beng
_cCRL
041 _aeng
_2eng
084 _qCRL
100 _aRichard Wilson
_9873227
245 4 _aThe Building of the English Country House
260 _bBloomsbury
_c2006
856 _uhttps://doi.org/10.5040/9781474210355?locatt=label:secondary_bloomsburyCollections
942 _cEBOOK
999 _c1472175
_d1472175